书目信息 |
| 题名: |
离合器、制动器选用手册
|
|
| 作者: | 周明衡 主编 | |
| 分册: | ||
| 出版信息: | 北京 化学工业出版社 2003 |
|
| 页数: | 411页 | |
| 开本: | 26cm | |
| 丛书名: | ||
| 单 册: | ||
| 中图分类: | TH13 | |
| 科图分类: | ||
| 主题词: | 机械元件 , 机械传动装置 | |
| 电子资源: | ||
| ISBN: | 7-5025-2679-X | |
| 000 | 00818nam0 2200253 450 | |
| 001 | 07002350204 | |
| 005 | 20051115095531.25 | |
| 010 | @a7-5025-2679-X@dCNY56.00 | |
| 092 | @aCN | |
| 100 | @a20041124d2003 ekmy0chiy0120 ea | |
| 101 | 0 | @achi |
| 102 | @aCN@b110000 | |
| 105 | @aa z 000yy | |
| 200 | 1 | @a离合器、制动器选用手册@Ali he qi 、 zhi dong qi xuan yong shou ce@f周明衡主编@Fzhou ming heng zhu bian |
| 210 | @a北京@c化学工业出版社@d2003 | |
| 215 | @a411页@c图@d26cm | |
| 330 | @a本书编入了百余种离合器和制动器的最新资料和信息,介绍了机械离合器,电磁离合器,离心离合器,安全离合器,盘式制动器,电磁制动器等。 | |
| 606 | 0 | @a机械元件 |
| 606 | 0 | @a机械传动装置 |
| 690 | @aTH13@v4 | |
| 701 | 0 | @a周明衡@Azhou ming heng@4主编 |
| 801 | 0 | @aCN@bTSSF@c20051115 |
| 905 | @a10447@dTH13@e26 | |
| 999 | @aAFJ | |
| 离合器、制动器选用手册/周明衡主编.-北京:化学工业出版社,2003 |
| 411页:图;26cm |
| ISBN 7-5025-2679-X:CNY56.00 |
| 本书编入了百余种离合器和制动器的最新资料和信息,介绍了机械离合器,电磁离合器,离心离合器,安全离合器,盘式制动器,电磁制动器等。 |
| ● |
| 相关链接 |
|
|
|
|
正题名:离合器、制动器选用手册
索取号:TH13/26
 
预约/预借
| 序号 | 登录号 | 条形码 | 馆藏地/架位号 | 状态 | 备注 |
| 1 | 0360912 | 3609125 | 第二样本阅览室/ [索取号:TH13/26] | 在馆 | |
| 2 | 0367525 | 203675255 | 第三借阅区/ [索取号:TH13/26] | 在馆 | |
| 3 | 0367526 | 203675264 | 第三借阅区/ [索取号:TH13/26] | 在馆 | |
| 4 | 0367527 | 203675273 | 第三借阅区/ [索取号:TH13/26] | 在馆 | |
| 5 | 0367528 | 203675282 | 第三借阅区/ [索取号:TH13/26] | 在馆 | |
| 6 | 0367529 | 203675291 | 第三借阅区/ [索取号:TH13/26] | 在馆 |